000 00265nam a2200109Ia 4500
008 200302s9999 xx 000 0 und d
100 _aLeslie Geddes- Brown
245 _aThe Floral Home
260 _bMitchell Beazley Publishers
260 _c1992
300 _a191 P.,
999 _c1323
_d1323